Electrónica : de los sistemas a los componentes

Sábháilte in:
Sonraí bibleagrafaíochta
Príomhchruthaitheoir: Storey, Neil
Formáid: LEABHAR
Teanga:Spanish
Foilsithe / Cruthaithe: Buenos Aires, Argentina : Addison Wesley Iberoamericana, c1995.
Ábhair:
Clibeanna: Cuir clib leis
Níl clibeanna ann, Bí ar an gcéad duine le clib a chur leis an taifead seo!

MARC

LEADER 00000nam a2200000Ia 4500
003 L000586
005 20221231144013.0
008 140114s1995 ar a 000 ||spa d
020 |a 0201625725 
040 |c cru CEDI  
082 |a 621.381 S884e 
100 |a Storey, Neil  |9 19298 
245 |a Electrónica : de los sistemas a los componentes  
260 |a Buenos Aires, Argentina : Addison Wesley Iberoamericana,  |c  c1995. 
300 |a xiii, 650 páginas : ilustraciones 
500 |a Título original : Electronics. A systems approach. 
650 |x ELECTRONICA   |x ELECTRONICA DIGITAL  |9 19299 
942 |2 ddc  |c BK 
999 |c 15478  |d 15478